<?xml version="1.0" encoding="UTF-8"?>
<collection xmlns="http://www.loc.gov/MARC21/slim">
<record>
  <controlfield tag="001">80293</controlfield>
  <controlfield tag="005">20251001112455.0</controlfield>
  <controlfield tag="008">140527s1766    sp i    r    o000 0 spa d</controlfield>
  <datafield tag="037" ind1=" " ind2=" ">
    <subfield code="a">CAJ_87_2117ar</subfield>
  </datafield>
  <datafield tag="040" ind1=" " ind2=" ">
    <subfield code="a">UZ.GRL</subfield>
  </datafield>
  <datafield tag="080" ind1=" " ind2=" ">
    <subfield code="a">261.7(460)"17"(093)</subfield>
  </datafield>
  <datafield tag="080" ind1=" " ind2=" ">
    <subfield code="a">348.73(460)"17"(093)</subfield>
  </datafield>
  <datafield tag="110" ind1="1" ind2=" ">
    <subfield code="a">España</subfield>
    <subfield code="b">Rey (1759-1788 : Carlos III)</subfield>
  </datafield>
  <datafield tag="240" ind1="1" ind2="0">
    <subfield code="a">Cédula, 1766-12-21</subfield>
  </datafield>
  <datafield tag="245" ind1=" " ind2=" ">
    <subfield code="a">Real Cedula de Su Magestad, con inserción del Auto-acordado del Consejo-Pleno, para que las comunidades eclesiasticas seculares y regulares de ambos sexos no puedan gozar de los aprovechamientos, y derechos de vecindad en los Pueblos donde no estèn situadas, y poseen bienes raìces ...</subfield>
  </datafield>
  <datafield tag="260" ind1=" " ind2=" ">
    <subfield code="a">En Zaragoza</subfield>
    <subfield code="b">En la Imprenta del Rey...</subfield>
    <subfield code="c">1766</subfield>
  </datafield>
  <datafield tag="300" ind1=" " ind2=" ">
    <subfield code="a">[4] p., 1 h. en blanco</subfield>
    <subfield code="c">4º (29 cm)</subfield>
  </datafield>
  <datafield tag="500" ind1=" " ind2=" ">
    <subfield code="a">Escudo real en la portada</subfield>
  </datafield>
  <datafield tag="500" ind1=" " ind2=" ">
    <subfield code="a">En portada y antes del texto: Cruz de Malta</subfield>
  </datafield>
  <datafield tag="500" ind1=" " ind2=" ">
    <subfield code="a">Copia de la Cédula Real dada en Madrid a 21 de diciembre de 1766, certificada por Ignacio Esteban de Higareda. Es copia certificada el 21 de enero de 1767 en Zaragoza por Don Joseph Sebastian y Ortiz</subfield>
  </datafield>
  <datafield tag="540" ind1=" " ind2=" ">
    <subfield code="9">info:eu-repo/semantics/openAccess</subfield>
    <subfield code="a">by</subfield>
    <subfield code="u">https://creativecommons.org/licenses/by/4.0/deed.es</subfield>
  </datafield>
  <datafield tag="650" ind1="0" ind2="4">
    <subfield code="a">Iglesia y Estado</subfield>
    <subfield code="v">Fuentes</subfield>
    <subfield code="y">S. XVIII</subfield>
    <subfield code="z">España</subfield>
  </datafield>
  <datafield tag="650" ind1="0" ind2="4">
    <subfield code="a">Patrimonio eclesiástico</subfield>
    <subfield code="v">Fuentes</subfield>
    <subfield code="y">S. XVIII</subfield>
    <subfield code="z">España</subfield>
  </datafield>
  <datafield tag="700" ind1="0" ind2=" ">
    <subfield code="a">Carlos III, Rey de España</subfield>
  </datafield>
  <datafield tag="700" ind1="1" ind2=" ">
    <subfield code="a">Sebastián y Ortiz, José</subfield>
  </datafield>
  <datafield tag="700" ind1="1" ind2=" ">
    <subfield code="a">Igareda, Ignacio de</subfield>
  </datafield>
  <datafield tag="710" ind1="2" ind2=" ">
    <subfield code="a">Imprenta Real (Zaragoza)</subfield>
    <subfield code="e">imp</subfield>
  </datafield>
  <datafield tag="752" ind1=" " ind2=" ">
    <subfield code="a">España</subfield>
    <subfield code="b">Aragón</subfield>
    <subfield code="d">Zaragoza</subfield>
  </datafield>
  <datafield tag="856" ind1="4" ind2=" ">
    <subfield code="s">165044</subfield>
    <subfield code="u">http://zaguan.unizar.es/record/80293/files/CAJ_87_2117ar.xml</subfield>
    <subfield code="y">Fichero METS</subfield>
  </datafield>
  <datafield tag="856" ind1="4" ind2=" ">
    <subfield code="s">4843875</subfield>
    <subfield code="u">http://zaguan.unizar.es/record/80293/files/CAJ_87_2117ar.pdf</subfield>
    <subfield code="y">Texto completo (PDF)</subfield>
  </datafield>
  <datafield tag="907" ind1=" " ind2=" ">
    <subfield code="a">.b16939414</subfield>
    <subfield code="b">30-04-19</subfield>
    <subfield code="c">27-05-14</subfield>
  </datafield>
  <datafield tag="909" ind1="C" ind2="O">
    <subfield code="o">oai:zaguan.unizar.es:80293</subfield>
    <subfield code="p">fondo-historico</subfield>
    <subfield code="p">driver</subfield>
  </datafield>
  <datafield tag="945" ind1=" " ind2=" ">
    <subfield code="a">CAJ 87-2117ar</subfield>
    <subfield code="g">1</subfield>
    <subfield code="l">100d</subfield>
    <subfield code="n">DIGITALIZACION JUNIO 2019</subfield>
    <subfield code="o">u</subfield>
    <subfield code="p">€0.00</subfield>
    <subfield code="q">-</subfield>
    <subfield code="r">f</subfield>
    <subfield code="s">-</subfield>
    <subfield code="t">20</subfield>
    <subfield code="u">0</subfield>
    <subfield code="v">0</subfield>
    <subfield code="w">0</subfield>
    <subfield code="x">0</subfield>
    <subfield code="y">.i20819341</subfield>
    <subfield code="z">27-05-14</subfield>
  </datafield>
  <datafield tag="980" ind1=" " ind2=" ">
    <subfield code="a">FH</subfield>
    <subfield code="b">fondos</subfield>
  </datafield>
  <datafield tag="998" ind1=" " ind2=" ">
    <subfield code="a">100</subfield>
    <subfield code="b">27-05-14</subfield>
    <subfield code="c">m</subfield>
    <subfield code="d">a</subfield>
    <subfield code="e">a</subfield>
    <subfield code="f">spa</subfield>
    <subfield code="g">sp</subfield>
    <subfield code="h">0</subfield>
    <subfield code="i">0</subfield>
  </datafield>
</record>
</collection>